[Event "FIDE Chess.com Grand Swiss"]
[Site "Douglas"]
[Date "2019.10.12"]
[Round "3"]
[White "Model game 4: Huschenbeth, Niclas"]
[Black "Xiong, Jeffery"]
[Result "1/2-1/2"]
[WhiteElo "2624"]
[BlackElo "2708"]
[Annotator "Huschenbeth,N"]
[PlyCount "69"]
[EventDate "2019.10.10"]
[EventType "swiss"]
[EventRounds "11"]
[EventCountry "IOM"]
[SourceTitle "CBM 193"]
[Source "ChessBase"]
[SourceDate "2019.12.31"]
[SourceVersion "1"]
[SourceVersionDate "2019.12.31"]
[SourceQuality "1"]

{[%evp 0,69,30,40,59,57,69,36,37,37,26,24,27,15,25,34,36,14,10,10,33,12,48,42,
47,27,26,0,30,22,31,21,57,22,61,-60,0,0,0,0,128,-13,-8,-8,-13,-13,-13,-13,0,0,
0,0,0,0,0,0,0,0,0,0,0,0,0,0,0,0,0,0,0,0,0,0]} 1. e4 c6 2. d4 d5 3. Nd2 dxe4 4.
Nxe4 Nf6 {This line has gained popularity in recent years as it has been
employed by numerous top players, including Magnus Carlsen. The popularity
lies in the fact that Black obtains a solid position, yet can play for a win
if White is too ambitious. With a lot of pieces remaining on the board, the
positions can become quite complex.} 5. Nxf6+ exf6 6. c3 Bd6 7. Bd3 O-O 8. Qc2
Re8+ 9. Ne2 h5 $5 {This is the move that rekindled the 4...Nf6 variation.
Black expands on the kingside and can connect this advance with sacrifice
ideas if White castles short. If White chooses to put his king on the queen
side, it is often difficult to open files against the black king. The pawn
formation with the doubled f-pawns proves to be difficult to crack. The h-pawn
advance also has its drawbacks. Obviously, the black king is a bit more airy.
Furthermore, the h-pawn can become a target and sometimes even fall.} 10. O-O
h4 11. h3 {The h-pawn should not be allowed to advance even further since then
the white king would really start feeling uncomfortable.} Nd7 12. Be3 Nf8 13.
Rad1 {I had expected this line and prepared it in some detail before the game.
Black has different setups to organize his pieces. White in the meantime will
try to get his queenside majority going while constantly being alert for
threats against the king, especially on the b8-h2 diagonal.} Bd7 $5 {Not the
main move, but quite logical. Jeffery keeps the e-file open for the rook which
allows for tactical ideas in some cases.} (13... Bc7 {Black prepares the
battery on the b8-h2 diagonal; this has been seen the most often.} 14. c4 Qd6
15. Nf4 Bb8 16. Rfe1 {was comfortable for White just a few days later in
Vocaturo,D (2620) -Howell,D (2694) Douglas 2019. It shows the complexity of
this variation that White went astray in a winning position and Black came up
on top in the end.}) 14. Rfe1 Qc8 {Black is not subtle about his intentions.
He wants to sacrifice on h3 and mate me. Exactly those ideas make this line
quite appealing for the second player.} 15. Nf4 {I had mixed feelings about
this move. On the on hand, I stopped the threat of Bxh3 and sometimes can even
initiate attacking ideas myself with Nf4-h5. On the other hand, the knight
feels somewhat loose on f4 and I have to be wary of tactical ideas.} (15. c4 $4
{Ignoring the threat would not end well for White:} Bxh3 16. gxh3 Qxh3 $19) (
15. Bf4 $4 {Here we see the advantage of placing the bishop on d7 instead of
e6, keeping the e-file open for the rook.} Rxe2 $1 16. Rxe2 Bxf4 $19) 15... Ne6
$6 {A step in the wrong direction. It seems Jeffery had already his
ill-advised plan in mind which we will see in the game.} (15... Qc7 {was the
move I clearly expected.} 16. Nh5 Qa5 {Activating the queen and once again
hitting the knight.} 17. Qe2 {was my intention to bring the queen closer to
the black king via f3.} (17. d5 {is a nice idea, but can be diffused by} Re5 $1
(17... cxd5 18. Bh6 $1 {is one cute motif in the position.}) 18. dxc6 Bxc6 19.
Nf4 Rd8 $11 {This seems completely fine for Black.}) 17... Qxa2 18. c4 Qb3 $13
{This is the position I wanted to play which seemed to offer good practical
chances. Subsequent analysis revealed that it is indeed equal, usually ending
in a perpetual of some sort.}) 16. Nh5 $5 {Keeping the knights on the board
and therefore increasing the tension. With the knight on h5, different
tactical ideas like sacrifices on f6 or g7 as well as moves like Be3-h6 are in
the air. However, the simple 16.Nxe6 would have promised me a long-term
advantage.} (16. Nxe6 Bxe6 17. Bh7+ Kh8 18. Be4 $14 {This is more or less what
White hopes to achieve in this variation. The counterplay against the king is
reduced and sooner or later, White can create a passed pawn.}) 16... Ng5 $2 {
After my move, I immediately got up to take a bathroom break. I was quite
surprised to return and already see this move appear on the board. I had
thought this move to be impossible and indeed, it should lead to a losing
position.} (16... Qc7 {Once again improving the queen and connecting the rooks
was better.} 17. Bf5 Re7 (17... Ng5 {was a line I calculated.} 18. f4 Bxf5 19.
Qxf5 Ne4 20. Bf2 $1 {This is quite an important move, getting rid of the
knight on e4.} Nxf2 21. Kxf2 Bf8 22. Qg4 Qd6 23. Qxh4 $14 {Here we see an
example of the h-pawn getting picked up.}) 18. Bd2 Ng5 (18... Rae8 19. Re4 $1
$18 {Again collecting the h-pawn and also including the rook in the attack.})
19. Rxe7 Bxe7 20. Bd3 $14 {Black has stopped White from winning the h-pawn for
now. As the threats against the white king are also less prominent, White
still has the strategical edge and also the idea f2-f4 to count on. Therefore,
White is a bit better.}) 17. f4 Nxh3+ (17... Bxh3 {is easily refuted by} 18.
fxg5 Bg4 19. Nxg7 $1 Bxd1 20. Qxd1 Kxg7 21. gxf6+ {The attack is unstoppable,
for example} Kxf6 22. Qf3+ Kg7 23. Bh6+ $1 {and mate will follow soon.}) 18.
gxh3 Bxh3 {The critical moment in the game. I was pondering about Qf2 or Qh2
and in the end concluded that there is no difference between them. Boy was I
wrong! One move wins while the other draws. To my pity, I chose the wrong one.}
19. Qf2 $2 (19. Qh2 $1 {Indeed, after this move Black is lost in all
variations.} Bg4 {This is the move I also expected after 19.Qf2, therefore
thinking there is no difference.} (19... Qg4+ 20. Kf2 Qxh5 21. Qxh3 $18 {
is simply an extra piece for White.}) (19... Rxe3 20. Rxe3 Qg4+ 21. Kf2 Qxh5 (
21... Qxd1 22. Be2 $1 Qd2 23. Qxh3 $18) 22. Rxh3 Qxd1 23. Rxh4 {For the moment,
material is equal. But the threat of Rh4-h8 means White will at least win a
rook.} Kf8 24. Be2 $1 {The last important precise move.} Qd2 25. Rh8+ Ke7 26.
Rxa8 $18 {There is no counterplay and White wins.}) 20. Qxh4 Bxd1 21. Nxf6+
gxf6 22. Qh7+ Kf8 23. Bf5 $1 (23. f5 {was my original calculation. However,
this move is only sufficient for a draw.} Ke7 24. Bf4+ Kd7 25. Qxf7+ Re7 26.
Rxe7+ Bxe7 27. Qe6+ Ke8 28. Qg8+ Bf8 29. Qg6+ Kd7 30. Qf7+ Be7 $11) 23... Re6 (
23... Qc7 24. d5 $1 $18 {The two bishops and the queen perforate the black
position.}) 24. Bxe6 fxe6 (24... Qxe6 25. f5 $1 {Attacking the queen and
threatening Bh6+. Black can resign.}) 25. f5 $1 Bc2 26. Bh6+ Ke8 27. Qg8+ Kd7
28. Qf7+ Kd8 (28... Be7 29. Qxe6+ $18) 29. fxe6 Qc7 30. Qg8+ Ke7 31. Qxa8 $18 {
This is the absolute best Black can do. He is still an exchange down and
should lose sooner or later.}) 19... Qg4+ $1 ({Not} 19... Bg4 20. Qxh4 {
transposing to a line discussed after 19.Qh2.}) 20. Kh2 Rxe3 21. Rxe3 (21. Qxe3
{is not a good idea.} Qg2#) 21... Qxh5 {Honestly, I had missed this move
altogether, only calculating 21...Qxd1. I can consider myself quite lucky that
I am not suddenly lost.} (21... Qxd1 {is actually also not clear because of
the unfortunate placement of the knight.} 22. Be2 Qc1 $1 23. Rxh3 g6 24. Nxf6+
Kg7 25. Ng4 Qxf4+ 26. Qxf4 Bxf4+ 27. Kg2 {and if White can win, it will be a
long road to convert.}) 22. Rxh3 (22. Rde1 Bd7 {is just terrible for White, as
Black already has two pawns for the exchange plus the weak white king.}) 22...
Qxd1 23. Qxh4 {Here I suddenly thought again that I am winning. The next black
move brought me back to reality.} Kf8 $1 {Of course Black does not give a
check first, but immediately moves his king. Now, I was panicking a bit as my
time was fading and the path to equality is not clear. However, I pulled
myself together and found the correct moves.} (23... Qd2+ 24. Kg1 Kf8 25. Qh8+
Ke7 26. Qxa8 {is simply winning for White as there is no perpetual for Black.})
24. Qh8+ Ke7 25. Re3+ $1 (25. Qxa8 {should also be sufficient for a draw after
all.} Bxf4+ {This is the difference. Black can include his bishop in the
attack.} 26. Kg2 Qg4+ 27. Kf2 Qxh3 28. Qxb7+ Qd7 29. Qxd7+ Kxd7 {should end
peacefully due to the opposite-colored bishops.}) 25... Kd7 26. Qxa8 Bxf4+ (
26... Qd2+ 27. Re2 {is certainly not a winning attempt for Black.}) 27. Kg2
Qg4+ 28. Kf1 (28. Kf2 {is also possible.} Qh4+ 29. Ke2 Qh2+ 30. Kd1 Bxe3 31.
Qxb7+ Qc7 $11) 28... Bxe3 {Black has regained the rook and is currently up two
pawns, not even mentioning the weak white king. But the white king is not the
only vulnerable one...} 29. Qxb7+ Kd8 30. Qb8+ Kd7 (30... Qc8 31. Qd6+ Qd7 (
31... Ke8 {even loses.} 32. Be4 $18) 32. Qf8+ Kc7 33. Qxg7 {is certainly not
worse for White.}) 31. Qxa7+ Ke8 (31... Ke6 $4 {would be unfortunate due to}
32. d5+ $18) 32. Qb8+ Kd7 33. Qb7+ Kd8 34. Qb8+ Kd7 35. Qb7+ {Neither side can
sensibly continue, therefore the draw by perpetual was the logical outcome.
Before the game, I had a feeling that such a wild struggle would emerge. Both
Jeffery and I love complications and a tactical mess which was fully reflected
in this game.} 1/2-1/2

[Event "FIDE World Cup"]
[Site "Krasnaya Polyana"]
[Date "2021.07.18"]
[Round "3.1"]
[White "Model game 5: Ivic, Velimir"]
[Black "Bluebaum, Matthias"]
[Result "1-0"]
[WhiteElo "2582"]
[BlackElo "2669"]
[Annotator "dkulj"]
[PlyCount "89"]
[EventDate "2021.07.12"]
[EventType "k.o."]
[EventRounds "8"]
[EventCountry "RUS"]
[SourceTitle "CBM 203"]
[Source "ChessBase"]
[SourceDate "2021.08.31"]
[SourceVersion "1"]
[SourceVersionDate "2021.08.31"]
[SourceQuality "1"]

{[%evp 0,89,33,33,75,75,69,45,44,44,44,39,40,16,26,26,26,22,22,14,40,36,43,28,
28,28,30,38,43,21,64,55,55,54,42,35,48,54,54,32,47,74,107,129,111,145,115,101,
104,85,81,81,81,87,87,55,55,95,95,50,37,25,63,71,78,78,208,208,212,212,212,212,
230,222,246,235,213,197,246,220,317,312,312,261,261,283,290,283,543,556,558,
568]} 1. e4 c6 2. d4 d5 3. Nd2 dxe4 4. Nxe4 Nf6 5. Nxf6+ exf6 6. c3 Bd6 7. Bd3
O-O 8. Qc2 Re8+ 9. Ne2 h5 10. O-O h4 11. h3 Nd7 12. Bd2 $5 {[%cal Ga1e1,Gf2f4]
This is an interesting new direction for White that shows that he also has
some strategic flexibility in this middlegame tabiya. Instead of the more
straightforward/traditional plans like trading off the dark-squared bishops or
centralizing for the purpose of pushing central pawns, White goes for kingside
expansion with this move!} Nf8 13. Rae1 {[%csl Rc8,Rh4][%cal Gf2f4,Gf4f5]
White's plan is to push the f-pawn to f5 in order to limit Black's
light-squared bishop and isolate h4-pawn. A very interesting idea.} Be6 {
This move isn't too bad, but it shows that Black did not anticipate White's
idea, otherwise he would not have put his bishop on e6.} ({It would have been
better to remain flexible with} 13... Bc7 {and if White goes} 14. f4 {then
Black can exploit the fact that Bf4/Nf4 are not possible anymore with} Qd6 $1 (
14... g6 $5 15. f5 g5 16. c4 b6 ({It is quite amusing that} 16... Qd6 {can be
simply ignored:} 17. c5 $1 Qh2+ 18. Kf2 {[%csl Yf2,Rh2]} Bg3+ 19. Nxg3 hxg3+
20. Kf3) 17. g3 $1 hxg3 18. Kg2 Bb7 19. Be4 $36 {[%cal Gh3h4,Gf1h1]}) 15. c4
Be6 $13 {and now things are much less clear-cut than in the game.} 16. c5 Qd7
17. f5 Bd5) 14. f4 $1 {White will get to play f4-f5 with a tempo, which is
surely a small achievement.} Qc7 $6 {This is too passive. Black will soon be
squeezed for space.} ({It was essential to play} 14... c5 $1 15. f5 Bd7 {
[%cal Gd7c6] when the bishop can be rerouted to the long diagonal. White is
still slightly better after} 16. Bf4 Bc6 17. Rd1 cxd4 18. Bxd6 Qxd6 19. Nxd4
$14 {[%csl Yd4,Rh4][%cal Gc2f2]}) (14... b5 {[%cal Ge6d5]} 15. f5 Bd5 16. Nf4
$16) 15. f5 Bd7 16. c4 $1 {[%csl Rc7,Rd6,Rd7,Gf5,Rf8] White keeps taking up
space. With the pawn on f2, this wouldn't be so problematic for Black but here
he can hardly make any active moves.} b6 (16... c5 17. d5 $16 {[%csl Ye4][%cal
Ge2c3,Gc3e4]}) 17. b4 c5 18. dxc5 bxc5 19. b5 $16 {[%csl Rd7,Rf6,Rf7][%cal
Ga2a5,Rd7c6,Rd7e6] White has a clear pawn majority on the queenside but,
moreover, he managed to launch a strong attack in the middlegame:} Nh7 20. Nc3
{[%csl Gd5]} Ng5 21. Nd5 Bh2+ 22. Kh1 Qd6 23. Rd1 $1 {[%csl Rd6][%cal Gd2g5,
Yd1d6] A strong move that prepares the attack.} Be5 24. Bxg5 fxg5 25. f6 $40
Bd4 26. Bh7+ Kh8 27. fxg7+ Kxg7 28. Nf6 Re5 29. Be4 Rh8 30. Bd5 Be6 31. Ng4
Rxd5 32. cxd5 Bd7 33. Qc1 Rh5 34. Rxd4 cxd4 35. Nf6 Rh6 36. Qxg5+ Rg6 37. Nh5+
Kf8 38. Qxh4 Bxb5 39. Rb1 Bc4 40. Rc1 Ba6 41. Qxd4 Bb7 42. Qh8+ Rg8 43. Qb2
Rxg2 44. Kxg2 Bxd5+ 45. Kf1 1-0